书目信息 |
| 题名: |
“邓小平理论和‘三个代表’重要思想概论”同步辅导
|
|
| 作者: | 徐志宏 , 秦宣 主编 | |
| 分册: | ||
| 出版信息: | 北京 中国人民大学出版社 2003 |
|
| 页数: | 197页 | |
| 开本: | 20cm | |
| 丛书名: | ||
| 单 册: | ||
| 中图分类: | D261 , A849 | |
| 科图分类: | ||
| 主题词: | “三个代表”--高等学校--教学参考资料 , 邓小平理论 , 邓小平理论--高等学校--教学参考资料 , “三个代表” | |
| 电子资源: | ||
| ISBN: | 7-300-05847-7 | |
| 000 | 01209nam0 2200325 450 | |
| 000 | 01220nam0 2200325 450 | |
| 000 | 01153nam0 2200301 450 | |
| 000 | 01117nam0 2200289 45 | |
| 005 | 20070722173006.45 | |
| 010 | @a7-300-05847-7@dCNY10.00 | |
| 100 | @a20070626d2003 em y0chiy0120 ea | |
| 101 | 0 | @achi |
| 102 | @aCN@b110000 | |
| 105 | @ay z 000yy | |
| 200 | 1 | @a“邓小平理论和‘三个代表’重要思想概论”同步辅导@A“ Deng Xiao Ping Li Lun He‘ San Ge Dai Biao’ Zhong Yao Si Xiang Gai Lun” Tong Bu Fu Dao@f徐志宏,秦宣主编@FXu Zhi Hong, Qin Xuan Zhu Bian |
| 205 | @a2版 | |
| 210 | @a北京@c中国人民大学出版社@d2003 | |
| 215 | @a197页@d20cm | |
| 300 | @a全国普通高等学校“两课”推荐教材配套学生用书 | |
| 330 | @a本书结合教学大纲,对邓小平理论和“三个代表重要思想理论内容进行重点与要点提示,预测研究生考试考点,并提供模拟试题等。 | |
| 606 | 0 | @a“三个代表”@x高等学校@j教学参考资料 |
| 606 | 0 | @a邓小平理论 |
| 606 | 0 | @a邓小平理论@x高等学校@j教学参考资料 |
| 606 | 0 | @a“三个代表” |
| 690 | @aD261 | |
| 690 | @aA849@v4 | |
| 701 | 0 | @a徐志宏@AXu Zhi Hong@c(政治理论)@4主编 |
| 701 | 0 | @a秦宣@AQin Xuan@f(1963~)@4主编 |
| 801 | 0 | @aCN@bTAOJIN@c20070722 |
| 905 | @a10447@dA849@e54=2 | |
| “邓小平理论和‘三个代表’重要思想概论”同步辅导/徐志宏,秦宣主编.-2版.-北京:中国人民大学出版社,2003 |
| 197页;20cm |
| 全国普通高等学校“两课”推荐教材配套学生用书 |
| ISBN 7-300-05847-7:CNY10.00 |
| 本书结合教学大纲,对邓小平理论和“三个代表重要思想理论内容进行重点与要点提示,预测研究生考试考点,并提供模拟试题等。 |
| ● |
| 相关链接 |
|
|
|
|
正题名:"邓小平理论和'三个代表'重要思想概论"同步辅导
索取号:A849/54=2
 
预约/预借
| 序号 | 登录号 | 条形码 | 馆藏地/架位号 | 状态 | 备注 |
| 1 | 0823082 | 208230822 | 第一样本阅览室/ [索取号:A849/54=2] | 在馆 | |
| 2 | 0823083 | 208230831 | 第一借阅区/ [索取号:A849/54=2] | 在馆 | |
| 3 | 0823084 | 208230840 | 第一借阅区/ [索取号:A849/54=2] | 在馆 | |
| 4 | 0823085 | 208230859 | 第一借阅区/ [索取号:A849/54=2] | 在馆 | |
| 5 | 0823086 | 208230868 | 第一借阅区/ [索取号:A849/54=2] | 在馆 | |
| 6 | 0823087 | 208230877 | 第一借阅区/ [索取号:A849/54=2] | 在馆 | |
| 7 | 0823088 | 208230886 | 第一借阅区/ [索取号:A849/54=2] | 在馆 | |
| 8 | 0823089 | 208230895 | 第一借阅区/ [索取号:A849/54=2] | 在馆 |